| 000 | 00671cam a22002533a 4500 | ||
|---|---|---|---|
| 001 | 23814 | ||
| 003 | PGUSA | ||
| 005 | 20140828083516.0 | ||
| 008 | 071211s2007||||xxu|||||s|||||000 | eng d | ||
| 040 |
_aPGUSA _beng |
||
| 042 | _adc | ||
| 050 | 4 | _aB | |
| 100 | 1 |
_aJia, Yi, _d-200--168 |
|
| 245 | 1 | 0 |
_a賈誼新書 _h[electronic resource] / _cYi Jia |
| 260 |
_bProject Gutenberg, _c2007 |
||
| 506 | _aPublic domain in the USA. | ||
| 516 | _aElectronic text | ||
| 653 | _aPhilosophy, Chinese | ||
| 653 | _aPhilosophers -- China | ||
| 740 | 0 | _aJia Yi Xin Shu | |
| 830 | 0 |
_aProject Gutenberg _v23814 |
|
| 856 | 4 | 0 | _uhttp://www.gutenberg.org/ebooks/23814 |
| 942 | _cEB | ||
| 999 |
_c253069 _d253069 |
||